LIBRARY & INFORMATION CENTRE, KCAET, TAVANUR

ONLINE PUBLIC ACCESS CATALOGUE (OPAC)

Elements of general biology / (Record no. 9613)

MARC details
000 -LEADER
fixed length control field 00475cam a2200193ua 4500
041 ## - LANGUAGE CODE
Language code of text/sound track or separate title eng
082 ## - DEWEY DECIMAL CLASSIFICATION NUMBER
Classification number 574
Item number ANA/EL
100 ## - MAIN ENTRY--AUTHOR NAME
Personal name Anantha Krishnan, T N .
245 ## - TITLE STATEMENT
Title Elements of general biology /
250 ## - EDITION STATEMENT
Edition statement 1 /
260 ## - PUBLICATION, DISTRIBUTION, ETC. (IMPRINT)
Place of publication Madras :
Name of publisher Central Art press ,
Year of publication 1958.
300 ## - PHYSICAL DESCRIPTION
Number of Pages 113 ; .
700 1# - ADDED ENTRY--PERSONAL NAME
Personal name Rao, K N .
942 ## - ADDED ENTRY ELEMENTS (KOHA)
Koha item type Books
Holdings
Withdrawn status Lost status Damaged status Home library Current library Date acquired Cost, normal purchase price Full call number Accession Number Koha item type
      KAUAET KAUAET 07/04/2012 2.50 574 ANA/EL 7413 Books
free website counter